| 000 | 00564nam a2200205Ia 4500 | ||
|---|---|---|---|
| 008 | 170203s9999 xx 000 0 und d | ||
| 020 | _a9712716996 | ||
| 050 | _a685 | ||
| 050 | _b.C955s 2005 | ||
| 100 | _aCruz, Elfren S. | ||
| 245 | _aSetting frameworks : | ||
| 245 | _bfamily business and strategic management / | ||
| 245 | _cEfren Sicangco Cruz. | ||
| 260 | _aPasig City : | ||
| 260 | _bAnvil, | ||
| 260 | _c2005 | ||
| 300 | _axiv, 217 pages ; | ||
| 300 | _c23 cm. | ||
| 650 | _aFamily-owned business enterprises -- Management -- Philippines. | ||
| 999 |
_c305472 _d305472 |
||